Eric Mukherjee
Category | Powers | Gets | Negs | Bouncebacks | Points | Earliest Buzz | Avg. Buzz | First Buzzes | Top 3 Buzzes |
---|---|---|---|---|---|---|---|---|---|
Beliefs | 1 | 1 | 1 | 0 | 20 | 41 | 84.00 | 1 | 1 |
Fine Arts - Classical Music and Opera | 0 | 1 | 0 | 0 | 10 | 151 | 151.00 | 0 | 0 |
Geography | 0 | 1 | 0 | 0 | 10 | 84 | 84.00 | 0 | 0 |
History - Other History | 0 | 1 | 0 | 0 | 10 | 81 | 81.00 | 1 | 1 |
Literature - World Literature | 0 | 1 | 0 | 0 | 10 | 96 | 96.00 | 0 | 0 |
Modern World | 0 | 2 | 0 | 1 | 20 | 95 | 119.50 | 0 | 0 |
Other Academic | 0 | 2 | 0 | 0 | 20 | 80 | 90.00 | 1 | 2 |
Science - Astronomy | 0 | 2 | 0 | 0 | 20 | 101 | 110.50 | 0 | 1 |
Science - Biology | 2 | 5 | 3 | 1 | 65 | 37 | 76.71 | 2 | 6 |
Science - Chemistry | 2 | 6 | 2 | 0 | 80 | 38 | 77.25 | 2 | 8 |
Science - Other Science | 0 | 3 | 2 | 0 | 20 | 73 | 99.67 | 1 | 2 |
Science - Physics | 2 | 2 | 1 | 0 | 45 | 43 | 62.50 | 2 | 3 |
Social Science | 0 | 0 | 0 | 0 | 0 | 0 | 0 |